000 00304nam a22001337a 4500
008 170802b xxu||||| |||| 00| 0 eng d
020 _a9781423901471
041 _aeng
080 _26TH
_a004
100 _a32
101 _aSHK
245 _aCONCEPTS OF DATABASE MANAGMENT
_cPRATT,P.J
942 _2udc
_cBK
999 _c22518
_d22518